000 00315nam a22001337a 4500
003 SGT
082 _a340,BUG
100 _aBUGNION, FRANCOIS
245 _aRED CROSS, RED CRESCENT RED CRYSTAL
260 _aNEW DELHI
_bICRC
_c2007
300 _a111
650 _aRED CROSS, RED CRESCENT RED CRYSTAL
942 _2ddc
_cBK
999 _c11043
_d11043